书目信息 |
| 题名: |
管工
|
|
| 作者: | 李学珍 , 黄崇国 主编 | |
| 分册: | ||
| 出版信息: | 北京 中国建筑工业出版社 2014 |
|
| 页数: | 13,604页 | |
| 开本: | 20cm | |
| 丛书名: | 安装工人技术学习丛书 | |
| 单 册: | ||
| 中图分类: | U175 | |
| 科图分类: | ||
| 主题词: | 管道施工 | |
| 电子资源: | ||
| ISBN: | 978-7-112-16480-6 | |
| 000 | 00813nam0 2200253 450 | |
| 001 | 142393 | |
| 005 | 20141221123108.51 | |
| 010 | @a978-7-112-16480-6@dCNY 45.00 | |
| 100 | @a20141121d2014 em y0chiy50 ea | |
| 101 | 0 | @achi |
| 102 | @aCN@b110000 | |
| 105 | @aa z 000yy | |
| 200 | 1 | @a管工@9guan gong@b专著@f黄崇国,李学珍主编 |
| 205 | @a2版 | |
| 210 | @a北京@c中国建筑工业出版社@d2014 | |
| 215 | @a13,604页@c图@d20cm | |
| 225 | 1 | @a安装工人技术学习丛书 |
| 330 | @a本书是安装工人技术学习从书中的一个分册,内容共十章,分别是:基本知识、管材、阀门和补偿器、施工机具介绍、管道和管件加工制作、管道连接方式与敷设方式等。 | |
| 606 | 0 | @a管道施工 |
| 690 | @aU175@v5 | |
| 701 | 0 | @a李学珍@9li xue zhen@4主编 |
| 701 | 0 | @a黄崇国@9huang chong guo@4主编 |
| 801 | 0 | @c20141221 |
| 905 | @a241430@dU175@eH812=2 | |
| 管工/黄崇国,李学珍主编.-2版.-北京:中国建筑工业出版社,2014 |
| 13,604页:图;20cm.-(安装工人技术学习丛书) |
| ISBN 978-7-112-16480-6:CNY 45.00 |
| 本书是安装工人技术学习从书中的一个分册,内容共十章,分别是:基本知识、管材、阀门和补偿器、施工机具介绍、管道和管件加工制作、管道连接方式与敷设方式等。 |
| ● |
| 相关链接 |
|
|
|
正题名:管工
索取号:U175/H812=2
 
预约/预借
| 序号 | 登录号 | 条形码 | 馆藏地/架位号 | 状态 | 备注 |
| 1 | 1134790 | 211347906 | 期刊室512/501自科库 49排2列4层/ [索取号:U175/H812=2] | 在馆 | |
| 2 | 1134791 | 211347915 | 自科库501/501自科库 49排2列4层/ [索取号:U175/H812=2] | 在馆 | |
| 3 | 1134792 | 211347924 | 自科库501/501自科库 49排2列4层/ [索取号:U175/H812=2] | 在馆 |